East Asia
| Previous Title: | Journal of northeast Asian studies (Online) |
|---|---|
| Format: | Electronic Journal |
| Language: | English |
| Published: |
[Piscataway, N.J.] :
Transaction Publishers
[Dordrecht] : Springer Netherlands |
| Subjects: | |
| Online Access: | Full text available from Research Library: 03/01/1997 to 12/31/2001 Full text available from Research Library: 01/01/2011 to 1 year ago |
MARC
| LEADER | 00000nas a2200000 a 4500 | ||
|---|---|---|---|
| 001 | ssj0001020 | ||
| 003 | WaSeSS | ||
| 005 | 20200512172242.0 | ||
| 006 | m d | ||
| 007 | cr n | ||
| 008 | 020423c19979999ne qr pss o 0 0eng c | ||
| 010 | |a 2002238359 | ||
| 016 | 7 | |a 013804867 |2 Uk | |
| 016 | 7 | |a 2020860 1 |2 DE-600 | |
| 022 | |a 1874-6284 |y 1096-6838 | ||
| 035 | |a (WaSeSS)ssj0001020 | ||
| 040 | |a IUL |b eng |e pn |c IUL |d OCLCQ |d OCL |d OCLCS |d OCLCQ |d MYG |d DLC |d OCLCF |d OCLCO |d OCLCQ |d UKMGB |d UUM |d VT2 |d CGU |d NJT |d DLC |d WaSeSS | ||
| 042 | |a pcc | ||
| 043 | |a ae----- | ||
| 050 | 0 | 0 | |a DS501 |
| 082 | 0 | 4 | |a 951.005 |
| 130 | 0 | |a East Asia (Piscataway, N.J. : Online) | |
| 245 | 1 | 0 | |a East Asia |h [electronic resource]. |
| 260 | |a [Piscataway, N.J.] : |b Transaction Publishers | ||
| 260 | |3 2007- : |a [Dordrecht] : |b Springer Netherlands | ||
| 310 | |a Quarterly | ||
| 362 | 1 | |a Print began with vol. 16, nos. 1/2 (spring/summer 1997). | |
| 506 | |a License restrictions may limit access. | ||
| 515 | |a Some issues combined. | ||
| 538 | |a Mode of access: World Wide Web. | ||
| 588 | |a Description based on: Vol. 17. no. 1 (spring 1999); title from introductory page, viewed Apr. 22, 2002. | ||
| 588 | |a Latest issue consulted: Vol. 36, no. 1 (Mar. 2019) (Springer Link, viewed May 24, 2019). | ||
| 651 | 0 | |a East Asia |v Periodicals. | |
| 651 | 7 | |a East Asia. |2 fast |0 (OCoLC)fst01243628 | |
| 655 | 0 | |a Electronic journals. | |
| 776 | 0 | 8 | |i Print version: |t East Asia (Piscataway, N.J.) |x 1096-6838 |w (DLC) 99103462 |w (OCoLC)37846682 |
| 780 | 0 | 0 | |t Journal of northeast Asian studies (Online) |x 2168-6971 |w (DLC) 2012201579 |w (OCoLC)60625136 |
| 850 | |a DLC | ||
| 853 | 2 | 0 | |8 1 |a v. |b no. |u 4 |v r |i (year) |j (season) |w q |x 21 |y ps21,22,23,24 |
| 856 | 4 | 0 | |z Full text available from Research Library: 03/01/1997 to 12/31/2001 |u https://search.proquest.com/publication/30289 |
| 856 | 4 | 0 | |z Full text available from Research Library: 01/01/2011 to 1 year ago |u https://search.proquest.com/publication/30289 |
| 863 | 4 | 1 | |8 1.1 |a 17 |b 1 |i 1999 |j 21 |